[Event "Schwaebisch Gmund op"]
[Site "Schwaebisch Gmund"]
[Date "1996.??.??"]
[Round "4"]
[White "Gipslis, Aivars"]
[Black "Vuckovic, Aleksandar"]
[Result "1-0"]
[WhiteElo "2465"]
[BlackElo "2290"]

1.e4 c5 2.Nf3 Nc6 3.Nc3 g6 4.Bb5 Bg7 5.Bxc6 dxc6 6.h3 Nf6 7.d3 O-O 8.Be3 b6
9.Qd2 a5 10.a4 Ba6 11.O-O c4 12.d4 Qc7 13.Bf4 Qb7 14.Bh6 Rfd8 15.Bxg7 Kxg7
16.Qe3 Qc7 17.Rfe1 b5 18.e5 Nd5 19.Nxd5 Rxd5 20.Ng5 Bc8 21.Qf4 Be6 22.Re3 Qd7
23.c3 c5 24.dxc5 Rxc5 25.Rae1 Rf8 26.Qh4 h6 27.Nf3 bxa4 28.Nd4 Rb8 29.R1e2 Rc7
30.Rd2 Qc8 31.f4 Rcb7 32.Qf2 h5 33.Rg3 Kf8 34.f5 Bxf5 35.e6 h4 36.Rg5 Bxe6
37.Rxg6 Rb6 38.Qf4 f6 39.Nxe6+ Kf7 40.Rg7+ Kxe6 41.Qe4+  1-0

[Event "Schwaebisch Gmund op"]
[Site "Schwaebisch Gmund"]
[Date "1996.??.??"]
[Round "5"]
[White "Galdunts, Sergey"]
[Black "Solonar, Stephan"]
[Result "1-0"]
[WhiteElo "2450"]
[BlackElo "2335"]

1.e4 c5 2.Nc3 Nc6 3.Nge2 d6 4.d4 cxd4 5.Nxd4 Nf6 6.Bc4 Qb6 7.Nb3 e6 8.Bf4 Ne5
9.Be2 Bd7 10.Be3 Qc7 11.Nb5 Qb8 12.f4 Neg4 13.Bxg4 Bxb5 14.Bf3 e5 15.g4 d5
16.exd5 exf4 17.Bd4 Qd6 18.Qd2 O-O-O 19.O-O-O Qc7 20.Rhe1 Bd6 21.g5 Ne8 22.Kb1 Kb8
23.Rc1 f6 24.c4 Ba4 25.c5 Be5 26.Bxe5 fxe5 27.d6 Qf7 28.Qa5  1-0

[Event "Schwaebisch Gmund op"]
[Site "Schwaebisch Gmund"]
[Date "1996.??.??"]
[Round "6"]
[White "Balashov, Yuri S"]
[Black "Vuckovic, Aleksandar"]
[Result "1-0"]
[WhiteElo "2480"]
[BlackElo "2290"]

1.e4 c5 2.Nc3 Nc6 3.Nf3 g6 4.d4 cxd4 5.Nxd4 Bg7 6.Be3 Nf6 7.Nb3 O-O 8.Be2 d6
9.O-O Be6 10.f4 Rc8 11.Bf3 Bc4 12.Rf2 b5 13.a3 a5 14.Nd2 Nd7 15.Nxc4 bxc4
16.Rd2 Nf6 17.e5 Ne8 18.Nb5 Qd7 19.Bg4 Qb7 20.Bxc8 Qxb5 21.Bd7 dxe5 22.Rd5 Qb7
23.Bxc6 Qxc6 24.fxe5 Qe6 25.Qd4 a4 26.Rd1 Nd6 27.Bf2 Qf5 28.Qe3 Ne4 29.Re1 Ng5
30.Rc5 h6 31.Rxc4 Rb8 32.h4 Nh7 33.Rb4 Rxb4 34.axb4 Qxc2 35.Qc3  1-0

[Event "Schwaebisch Gmund op"]
[Site "Schwaebisch Gmund"]
[Date "1996.??.??"]
[Round "9"]
[White "Galdunts, Sergey"]
[Black "Martinovic, Slobodan"]
[Result "0-1"]
[WhiteElo "2450"]
[BlackElo "2460"]

1.e4 c5 2.Nc3 Nc6 3.Nge2 g6 4.d4 cxd4 5.Nxd4 Bg7 6.Be3 Nf6 7.Bc4 Qa5 8.O-O O-O
9.h3 d6 10.Bb3 Bd7 11.f4 Qh5 12.Nf3 b5 13.a3 Rad8 14.Qe1 a5 15.Nd2 b4 16.axb4 axb4
17.Nd1 Ra8 18.Nf2 Qb5 19.Bc4 Qb7 20.Nb3 Nh5 21.Rxa8 Rxa8 22.Nd3 Qc7 23.Nxb4 Nxb4
24.Qxb4 Ra4 25.Bxf7+ Kxf7 26.Qd2 Ng3  0-1

[Event "Sheffield"]
[Site "Sheffield"]
[Date "1996.??.??"]
[Round "4"]
[White "Britton, Richard"]
[Black "Kinsman, Andrew PH"]
[Result "0-1"]
[WhiteElo "2330"]
[BlackElo "2365"]

1.e4 c5 2.Nf3 Nc6 3.Nc3 e5 4.Bc4 d6 5.d3 Be7 6.O-O Nf6 7.Bg5 h6 8.Bxf6 Bxf6
9.Nd5 Be6 10.Nxf6+ Qxf6 11.c3 O-O 12.h3 Rad8 13.a4 d5 14.exd5 Bxd5 15.Bxd5 Rxd5
16.Qe2 Rfd8 17.Rad1 Qf5 18.Ne1 c4 19.d4 exd4 20.Qxc4 d3 21.Nf3 d2 22.b4 a6
23.a5 Rd3 24.Qg4 Qf6  0-1

[Event "EU-ch U20"]
[Site "Siofok"]
[Date "1996.??.??"]
[Round "6"]
[White "Kovacs, Gabor"]
[Black "Krakops, Maris"]
[Result "0-1"]
[WhiteElo "2335"]
[BlackElo "2440"]

1.e4 c5 2.Nf3 Nc6 3.Nc3 d6 4.Be2 Nf6 5.O-O e5 6.Bc4 Be7 7.h3 a6 8.a4 Be6
9.d3 d5 10.exd5 Nxd5 11.Bxd5 Bxd5 12.Re1 f6 13.Nxd5 Qxd5 14.Be3 O-O 15.Nd2 b6
16.Nc4 Rab8 17.Qe2 Bd6 18.c3 Bc7 19.Rad1 f5 20.Bc1 Rbe8 21.Ne3 Qd6 22.Nf1 Qd7
23.b3 Qf7 24.Qf3 Re6 25.Ba3 Rf6 26.Nd2 Rd8 27.Nc4 b5 28.axb5 axb5 29.Nd2 b4
30.Bb2 e4 31.dxe4 Ne5 32.Qe2 Nd3 33.e5 Rg6 34.Nc4 Rxg2+  0-1

[Event "SLO-chT sf"]
[Site "SLO"]
[Date "1996.??.??"]
[Round "3"]
[White "Furlan, Miha"]
[Black "Ivic, Slobodan"]
[Result "1-0"]
[WhiteElo "2280"]
[BlackElo "2200"]

1.e4 c5 2.Ne2 Nc6 3.Nbc3 Nf6 4.d4 cxd4 5.Nxd4 Qb6 6.Nb3 d6 7.Be2 a6 8.a4 g6
9.Be3 Qd8 10.g4 h5 11.gxh5 Nxh5 12.Nd5 e6 13.Bb6 Qh4 14.Nc7+ Ke7 15.Nxa8 Qxe4
16.f3 Qe5 17.Bd4 Nxd4 18.Qxd4 Ng3 19.Qxe5 dxe5 20.Kf2 Nxh1+ 21.Rxh1 Bd7 22.Nb6 Bc6
23.Na5 Kd6 24.Nbc4+ Kd5 25.Nxc6 Bc5+ 26.Kg2 Kxc6 27.Nxe5+ Kd5 28.Nxf7 Rh4
29.Rd1+ Kc6 30.Nd8+  1-0

[Event "SLO-chT sf"]
[Site "SLO"]
[Date "1996.??.??"]
[Round "3"]
[White "Podkoritnik, S."]
[Black "Kodric, Martin"]
[Result "1/2-1/2"]
[WhiteElo "2140"]
[BlackElo "2210"]

1.e4 c5 2.Nf3 Nc6 3.Nc3 g6 4.d4 cxd4 5.Nxd4 Bg7 6.Be3 Nf6 7.Be2 O-O 8.O-O d6
9.f4 Qb6 10.Qd3 Ng4 11.Nd5 Bxd4 12.Bxg4 Bxe3+ 13.Qxe3 Qxe3+ 14.Nxe3 Bxg4
15.Nxg4 Rac8 16.Rf2 Na5 17.Ne3 Rfd8 18.Rd1 Kf8 19.g3 Nc4 20.Nxc4 Rxc4 21.Re2 Rdc8
22.c3 R8c6 23.Rd3 R6c5 24.Kf2 a5  1/2-1/2

[Event "Sochi"]
[Site "Sochi"]
[Date "1996.??.??"]
[Round "?"]
[White "Nadyrhanov, S."]
[Black "Yuferov, Sergey  N"]
[Result "0-1"]
[WhiteElo "2490"]
[BlackElo "2440"]

1.e4 c5 2.Nc3 Nc6 3.Nge2 Nf6 4.d4 cxd4 5.Nxd4 d6 6.Bg5 e6 7.Qd2 a6 8.O-O-O h6
9.Be3 Be7 10.f3 Nxd4 11.Bxd4 b5 12.Qf2 Qc7 13.g4 Rb8 14.h4 b4 15.Na4 b3 16.axb3 Rxb3
17.Nb6 Bb7 18.Be2 e5 19.Be3 O-O 20.Kb1 Bxe4 21.fxe4 Nxe4 22.cxb3 Nxf2 23.Bxf2 Qb7
24.Nd5 Bd8 25.Bc4 Qd7 26.Rdg1 a5 27.Be3 a4 28.b4 Qc8 29.Bd3 Qc6 30.Rd1 Kh8
31.Be2 h5 32.g5 f5 33.gxf6 gxf6 34.b5 Qd7 35.b6 Qf5+ 36.Bd3 Qf3 37.Bc2 a3
38.bxa3 f5 39.b7 Ba5 40.Rdf1 Qxd5 41.Rxf5 Qxh1+ 42.Ka2 Qd5+ 43.Bb3 Qg2+ 44.Kb1 Qxb7
45.Rxf8+ Kg7 46.Rg8+ Kh7 47.Ka2 Qf3 48.Bc1 Qf2+ 49.Kb1 Qxh4 50.Rg1 Bd8 51.Bc2+ Kh8
52.Rg6 Be7 53.Rh6+ Kg7 54.Bg6 Bf6 55.Bxh5 Qe4+ 56.Kb2 Qd4+ 57.Kc2 Qc4+ 58.Kd1 Qf1+
59.Kc2 Qf2+ 60.Kd1 e4 61.Rg6+ Kf8 62.Be2 Qd4+ 63.Kc2 Qc3+ 64.Kd1 Qb3+  0-1

[Event "BUL-ch"]
[Site "Sofia"]
[Date "1996.??.??"]
[Round "5"]
[White "Delchev, Aleksander"]
[Black "Spasov, Vasil"]
[Result "1/2-1/2"]
[WhiteElo "2510"]
[BlackElo "2575"]

1.e4 c5 2.Nc3 Nc6 3.Nge2 Nf6 4.f4 d6 5.d4 cxd4 6.Nxd4 e5 7.Nf3 Be7 8.Bc4 O-O
9.Bb3 a5 10.O-O a4 11.Bd5  1/2-1/2

[Event "St Cugat op"]
[Site "St Cugat"]
[Date "1996.??.??"]
[Round "3"]
[White "Zair, Abdelkarim"]
[Black "Gonzalez Velez, Fermin"]
[Result "1/2-1/2"]
[WhiteElo "2265"]
[BlackElo "2415"]

1.e4 c5 2.Nf3 Nc6 3.Nc3 Nf6 4.d4 cxd4 5.Nxd4 e5 6.Ndb5 d6 7.Bg5 a6 8.Na3 b5
9.Nd5 Be7 10.Bxf6 Bxf6 11.c3 Ne7 12.Nxf6+ gxf6 13.Nc2 Bb7 14.Bd3 f5 15.exf5 Bxg2
16.Rg1 Bb7 17.Qh5 Nd5 18.O-O-O Nf4 19.Qh6 Qe7 20.Rge1 Ng2 21.Rg1 O-O-O 22.Ne3 Nf4
23.f6 Nxd3+ 24.Rxd3 Qe6 25.b3 Kb8 26.Kb2 Be4 27.Rd2 d5 28.Rc1 Rd7 29.Qh4 Rhd8
30.Qg3 Qxf6 31.Ng4 Qf4 32.Qxf4 exf4 33.Ne5 Rc7 34.f3 Bf5 35.Rd4 Rg8 36.Rxf4 Rg2+
37.Ka3 Be6 38.Nd3 Rxh2 39.Rd4 a5 40.b4 Rc4 41.bxa5 Rh4 42.Rxh4 Rxh4 43.Nc5 Kc7
44.Nb3 Rc4 45.Kb2 h5 46.a3 Rf4 47.Nd4 Bd7 48.Kc2 h4 49.Kd2 h3 50.Ke3 Rf6
51.Rh1 Ra6 52.Ne2 Re6+ 53.Kf2 Ra6 54.Nf4 Rxa5 55.Nxd5+ Kb7 56.Nf6 Be6 57.Ra1 Kc6
58.Kg3 Kc5 59.Ne4+ Kc4 60.Rb1 Bd7 61.Rb4+ Kd5 62.Nf6+ Ke6 63.Nxd7 Kxd7 64.Kxh3  1/2-1/2

[Event "RUS-Cup1 Chigorin mem"]
[Site "St Petersburg"]
[Date "1996.??.??"]
[Round "2"]
[White "Sinkevich, Petr"]
[Black "Uchitel, Stanislav"]
[Result "1/2-1/2"]
[WhiteElo "2315"]
[BlackElo "2350"]

1.e4 c5 2.Nc3 Nc6 3.Nge2 e6 4.g3 d5 5.Bg2 d4 6.Nb1 e5 7.d3 Bd6 8.a4 Be6 9.Na3 Nge7
10.f4 f6 11.Nc4 Bc7 12.O-O Qd7 13.b3 exf4 14.gxf4 O-O-O 15.a5 Bxc4 16.bxc4 Bxa5
17.Ba3 Bb6 18.Rb1 Ng6 19.Qe1 Qg4 20.h3 Qd7 21.Rb5 Qe7 22.Qf2 Nf8 23.Rfb1 Nd7
24.Nxd4 Nxd4 25.Qxd4 Nf8 26.Qe3 Ne6 27.c3 Rd7 28.f5 Nc7 29.R5b3 Qe5 30.Rd1 Rhd8
31.Kh1 Na6 32.Kg1 Bc7 33.Bc1 Qh2+ 34.Kf1 Qg3 35.Qxg3 Bxg3 36.Ke2 Kb8 37.Be3 b6
38.e5  1/2-1/2

[Event "RUS-Cup1 Chigorin mem"]
[Site "St Petersburg"]
[Date "1996.??.??"]
[Round "2"]
[White "Khavsky, Sergey V"]
[Black "Poliakov, Dmitry"]
[Result "1-0"]
[WhiteElo "2320"]
[BlackElo "2375"]

1.e4 c5 2.Nc3 Nc6 3.Bb5 g6 4.Bxc6 bxc6 5.d3 Bg7 6.Be3 d6 7.Qd2 Rb8 8.b3 Nf6
9.Bh6 O-O 10.Bxg7 Kxg7 11.Na4 e5 12.Ne2 Nh5 13.O-O f5 14.f4 Qf6 15.fxe5 Qxe5
16.d4 Qxe4 17.dxc5 d5 18.Nd4 Bd7 19.Rae1 Qh4 20.c4 Nf6 21.Nf3 Ne4 22.Rxe4 Qxe4
23.Re1 Rbe8 24.Rxe4 fxe4 25.Ne1 Rf5 26.Nc2 e3 27.Nxe3 Rfe5 28.Nf1 Re1 29.Nc3 Ra1
30.Nxd5 Ree1 31.Ne3 Bf5 32.h3 Be6 33.Kh2  1-0

[Event "St Petersburg-ch"]
[Site "St Petersburg"]
[Date "1996.??.??"]
[Round "3"]
[White "Sivokho, Sergey"]
[Black "Sakaev, Konstantin"]
[Result "0-1"]
[WhiteElo "2410"]
[BlackElo "2600"]

1.e4 c5 2.Nc3 Nc6 3.Nge2 d6 4.g3 g6 5.d4 cxd4 6.Nxd4 Bg7 7.Nde2 Nf6 8.Bg2 O-O
9.O-O Rb8 10.a4 a6 11.h3 b5 12.axb5 axb5 13.Nd5 Nd7 14.c3 e6 15.Ne3 Nc5 16.Nd4 Bd7
17.Nec2 Nxd4 18.Nxd4 b4 19.c4 Bxd4 20.Qxd4 Nb3 21.Qxd6 Rb6 22.Qd3 Nxa1 23.Be3 Rb8
24.Rxa1 Bc6 25.Qc2 Qe7 26.h4 e5 27.c5 Ra8 28.Rc1 Qe6 29.Bf1 Qg4 30.Bg2 Rfd8
31.Kh2 Kg7 32.Re1 Qd7 33.Qc1 f6 34.Bh6+ Kh8 35.Qc4 Qe7 36.Qxb4 Rab8 37.Qc3 Rd4
38.Re2 g5 39.f4 gxf4 40.gxf4 Rg8 41.f5 Qb7 42.Qf3 Rb4 43.Qd3 Rd4 44.Qf3 Qb4
45.Qh5 Qc4 46.Qf3 Rd3 47.Be3 Rb3 48.Rd2 Qb4 49.Rc2 Rxb2 50.Rxb2 Qxb2 51.Bh6 Qc2
52.Be3 Rb8 53.Qg4 Qd3 54.Bh6 Rg8 55.Qf3 Qc4 56.Be3 Bb5 57.Qh5 Qc2 58.Qf3 Bc6
59.Bg1 Be8 60.Qf2 Qxf2 61.Bxf2 Bb5 62.Bf3 Ra8 63.h5 Kg7 64.Kg2 Ra2 65.Kg1 Ra3
66.Kg2 Rc3 67.Bd1 Bc6 68.Bf3 Kf7 69.h6 Rc4 70.Bh5+ Kf8 71.Bh4 Bxe4+ 72.Kg3 Rc3+
73.Kh2 Bxf5  0-1

[Event "Petrov mem"]
[Site "St Petersburg"]
[Date "1996.??.??"]
[Round "7"]
[White "Balashov, Yuri S"]
[Black "Mukhametov, Eldar"]
[Result "1/2-1/2"]
[WhiteElo "2480"]
[BlackElo "2505"]

1.e4 c5 2.Nc3 Nc6 3.Nf3 d6 4.d4 cxd4 5.Nxd4 Nf6 6.Bg5 e6 7.Qd2 a6 8.O-O-O h6
9.Be3 Be7 10.f3 Nxd4 11.Bxd4 b5 12.Kb1 Rb8 13.e5  1/2-1/2

[Event "Petrov mem"]
[Site "St Petersburg"]
[Date "1996.??.??"]
[Round "9"]
[White "Fedorov, Alexei"]
[Black "Mukhametov, Eldar"]
[Result "0-1"]
[WhiteElo "2540"]
[BlackElo "2505"]

1.e4 c5 2.Nf3 Nc6 3.Nc3 d6 4.d4 cxd4 5.Nxd4 Nf6 6.Bc4 Qb6 7.Nb3 e6 8.Bg5 Be7
9.O-O O-O 10.Bxf6 Bxf6 11.Qxd6 Rd8 12.Qg3 Be5 13.Qh3 Bd7 14.Rad1 Nb4 15.Na1 Rac8
16.Bb3 Na6 17.Qh5 Qc7 18.Rd3 Nc5 19.Rh3 h6 20.Kh1 Bc6 21.f3 Rd2 22.Nb1 Nxb3
23.axb3 Rd7 24.Nc3 Rcd8 25.f4 Bxc3  0-1

[Event "Star Dojran"]
[Site "Star Dojran"]
[Date "1996.??.??"]
[Round "2"]
[White "Kiroski, Toni"]
[Black "Aleksieva, Silvia"]
[Result "1/2-1/2"]
[WhiteElo "2395"]
[BlackElo "2345"]

1.e4 c5 2.Nc3 Nc6 3.Nge2 d6 4.g3 g6 5.d4 cxd4 6.Nxd4 Bg7 7.Nde2 Bg4 8.Bg2 Qc8
9.h3 Bd7 10.Nd5 b5 11.c3 Rb8 12.Nef4 Nf6 13.Nxf6+ Bxf6 14.O-O O-O 15.Kh2 Bg7
16.Nd5 e6 17.Ne3 Qc7 18.Qd2 Ne5 19.Rd1 Rb6 20.f4 Nc4 21.Qf2 Rc8 22.Nc2 Rbb8
23.Rd3 b4 24.b3 Na5 25.Be3 Bxc3 26.Rad1 Nb7 27.Bxa7 Ra8 28.Bb6 Qc6 29.Ne1 Ra3
30.Bd4 Qa6 31.Bxc3 bxc3 32.Qe3 Rxa2 33.Rxc3 Rxc3 34.Qxc3 Qe2 35.Ra1 Rxa1
36.Qxa1 Bc6 37.e5 dxe5 38.Qxe5 Qxe5 39.fxe5 Bxg2 40.Kxg2 f6 41.Nd3 Kf7 42.Kf3 fxe5
43.Nxe5+ Kf6 44.Nc4 h5 45.b4 Kf5 46.Ke3 g5 47.Kd4 Kf6 48.b5 Ke7 49.b6 Kd7
50.Ne5+ Ke7 51.Nc4 Kd7 52.Ke5 Nc5 53.Na5 Nd3+ 54.Kf6 h4 55.gxh4 gxh4 56.Kg5 e5
57.Kxh4 e4 58.Nc4 Kc6 59.Kg5 Ne1 60.Kf4 Nf3 61.Kg4 Nh2+ 62.Kg3 Nf3 63.Kf4 Kb7
64.Nd6+ Kxb6 65.Nxe4 Nh4 66.Kg4 Ng2 67.Kg3 Ne3 68.Kf3 Nf5  1/2-1/2

[Event "Rilton Cup 96/97"]
[Site "Stockholm"]
[Date "1996.??.??"]
[Round "5"]
[White "Nieminen, Kari"]
[Black "Maidla, Vallo"]
[Result "1/2-1/2"]
[WhiteElo "2215"]
[BlackElo "2375"]

1.e4 c5 2.Nc3 Nc6 3.Nf3 g6 4.Bb5 Bg7 5.O-O Nd4 6.Nxd4 cxd4 7.Ne2 a6 8.Bd3 e5
9.c3 Ne7 10.b3 O-O 11.cxd4 exd4 12.Ba3 d5 13.Nf4 dxe4 14.Bxe4 Re8 15.Bxe7 Rxe7
16.d3 Qd6 17.Qf3 Be5 18.g3 Bxf4 19.Qxf4 Qxf4 20.gxf4 Bg4 21.Rfc1 Rd8 22.Kg2 Rd6
23.Kg3 Be6 24.Rc2 Bd5 25.Bf3 Kg7 26.Rac1 Bxf3 27.Kxf3 Kf6 28.Rc5 Rde6 29.R1c2 Re1
30.Rd5  1/2-1/2

[Event "SUI-chT"]
[Site "SUI"]
[Date "1996.??.??"]
[Round "3"]
[White "Franzoni, Giancarlo"]
[Black "Gallagher, Joseph G"]
[Result "1/2-1/2"]
[WhiteElo "2460"]
[BlackElo "2530"]

1.e4 c5 2.Nc3 Nc6 3.Nge2 d6 4.d4 cxd4 5.Nxd4 Nf6 6.Nb3 e6 7.Be3 Be7 8.Bd3 a6
9.O-O O-O 10.f4 Qc7 11.Qf3 Nb4 12.Rac1 Bd7 13.a3 Nxd3 14.cxd3 Qd8 15.Kh1 Rc8
16.Nd4 e5 17.Nc2 exf4 18.Bxf4 Bg4 19.Qf2 Be6 20.Ne3 Qd7 21.Bg3 d5 22.exd5 Nxd5
23.Ncxd5 Bxd5 24.Nf5 Bf6 25.Rce1 Be6 26.Be5 Bxf5 27.Bxf6 Bg6 28.Bc3 Qxd3
29.Re7 Rce8 30.Rfe1 Rxe7 31.Rxe7 Qd5 32.Qf3 Qc4 33.h3 b5 34.Qg3 Qd5 35.Kh2 Rd8
36.Re5 Qd7 37.h4 f6 38.Rc5 Qd6 39.Qxd6 Rxd6 40.Rc8+ Kf7 41.Rc7+ Kg8  1/2-1/2

[Event "SUI-chT"]
[Site "SUI"]
[Date "1996.??.??"]
[Round "8"]
[White "Ruefenacht, Matthias"]
[Black "Partos, Charles"]
[Result "1/2-1/2"]
[WhiteElo "2355"]
[BlackElo "2385"]

1.e4 c5 2.Nc3 Nc6 3.Nge2 g6 4.d4 cxd4 5.Nxd4 Bg7 6.Be3 d6 7.Be2 Nf6 8.O-O O-O
9.Nb3 a5 10.a4 b6 11.f4 Nd7 12.Nd4 Bb7 13.Nxc6 Bxc6 14.Bd4 e5 15.Be3 Nc5
16.f5 gxf5 17.exf5 d5 18.Bb5 Bxb5  1/2-1/2

[Event "SVK-chT9596"]
[Site "?"]
[Date "1996.??.??"]
[Round "4"]
[White "Bednar, Jaromir"]
[Black "Zambor, Norbert"]
[Result "1-0"]
[WhiteElo "2220"]
[BlackElo "2155"]

1.e4 c5 2.Nf3 Nc6 3.Nc3 e6 4.Bc4 a6 5.a4 Nf6 6.Qe2 d6 7.O-O Be7 8.d3 O-O
9.h3 Bd7 10.Be3 Rc8 11.Nh2 Nd4 12.Qd2 b5 13.axb5 axb5 14.Ba2 e5 15.f4 b4
16.Ne2 Nh5 17.Bxd4 cxd4 18.Nf3 Qc7 19.Bc4 Bc6 20.b3 Ra8 21.Rxa8 Bxa8 22.g4 Nf6
23.fxe5 dxe5 24.Ng3 Ne8 25.Nf5 Bc5 26.Ng5 Kh8 27.Qf2 Qd7 28.Qh4 Nf6 29.Nxg7 Kxg7
30.Rxf6  1-0

[Event "SVK-chT9596"]
[Site "?"]
[Date "1996.??.??"]
[Round "4"]
[White "Biro, Karol"]
[Black "Chmelik, Lukas"]
[Result "0-1"]
[WhiteElo "2240"]
[BlackElo "2260"]

1.e4 c5 2.Ne2 Nc6 3.Nbc3 g6 4.g3 Bg7 5.Bg2 d6 6.O-O e6 7.d3 Nge7 8.Bg5 O-O
9.Qd2 Nd4 10.Nxd4 cxd4 11.Ne2 e5 12.c3 dxc3 13.Nxc3 Be6 14.Rfc1 Qd7 15.Be3 f5
16.d4 f4 17.gxf4 exd4 18.Bxd4 Bxd4 19.Qxd4 Rxf4 20.Ne2 Rg4 21.Qe3 Rf8 22.f3 Rh4
23.Rc3 Nc6 24.f4 Bg4 25.Ng3 Bh3 26.f5 Bxg2 27.Kxg2 Qe7 28.Rf1 Ne5 29.h3 Nf7
30.fxg6 hxg6 31.Rf4 Rxf4 32.Qxf4 Ng5 33.Qg4 Qf6 34.Rc2 Nf3 35.Kh1 Ne5 36.Qe2 Qh4
37.Qg2 Kh8 38.Rc7 Ng4 39.Kg1 Ne3 40.Qh2 Rf3 41.Rc8+ Kh7 42.Rc7+ Kh6 43.Nf5+ Rxf5  0-1

[Event "SVK-chT9596"]
[Site "?"]
[Date "1996.??.??"]
[Round "5"]
[White "Kriz, Oliver"]
[Black "Dobrotka, Martin"]
[Result "1-0"]
[WhiteElo "2260"]
[BlackElo "2205"]

1.e4 c5 2.Nf3 Nc6 3.Nc3 a6 4.d4 cxd4 5.Nxd4 e5 6.Nxc6 bxc6 7.f4 Bb4 8.Bc4 Qa5
9.Qf3 Nf6 10.Bd2 O-O 11.O-O-O d5 12.fxe5 Nxe4 13.Nxe4 Bxd2+ 14.Rxd2 dxc4
15.Nc3 Qxe5 16.Qxc6 Be6 17.Qd6 Qa5 18.Re1 Rad8 19.Re5 Rxd6 20.Rxa5 Rc6 21.Ne4 h6
22.Rd6 Rxd6 23.Nxd6 Ra8 24.Kd2 Kf8 25.Kc3 Ke7 26.Nxc4 Rc8 27.b3 Rc6 28.Kd4 Bxc4
29.bxc4 Rg6 30.Re5+ Kd7 31.g3 Kc6 32.a4 Rf6 33.Re2 Rd6+ 34.Kc3 Rf6 35.a5 Rf3+
36.Kb4 g5 37.c5 Rf5 38.Re7 Rxc5 39.Rxf7 Rb5+ 40.Kc3 Rc5+ 41.Kd2 Rxa5 42.Rf6+ Kd5
43.Rf5+  1-0

[Event "SVK-chT9596"]
[Site "?"]
[Date "1996.??.??"]
[Round "6"]
[White "Gazik, Igor"]
[Black "Safyanovsky, Mark"]
[Result "0-1"]
[WhiteElo "2380"]
[BlackElo "2410"]

1.e4 c5 2.Nf3 Nc6 3.Nc3 d6 4.g3 g6 5.Bg2 Bg7 6.d3 Nf6 7.h3 O-O 8.Bg5 Bd7
9.Qd2 Rb8 10.O-O b5 11.Bh6 b4 12.Nd5 e6 13.Bxg7 Kxg7 14.Ne3 e5 15.c3 bxc3
16.bxc3 Qa5 17.Nc4 Qc7 18.Qc2 Na5 19.Ne3 Rb7 20.Rab1 Rfb8 21.Rxb7 Qxb7 22.Rc1 Qb2
23.Nd2 Qxc2 24.Rxc2 Ne8 25.Nec4 Nxc4 26.Nxc4 Be6 27.Nd2 Nc7 28.Kf1 Rb6 29.Ke1 Nb5
30.Nf1 c4 31.Kd2 Na3 32.Rc1 Rb2+ 33.Ke3 cxd3 34.Nd2 Nc4+ 35.Nxc4 Bxc4  0-1

[Event "SVK-chT9596"]
[Site "?"]
[Date "1996.??.??"]
[Round "6"]
[White "Castiglione, Mario"]
[Black "Lanc, Alois"]
[Result "0-1"]
[WhiteElo "2190"]
[BlackElo "2415"]

1.e4 c5 2.Ne2 Nc6 3.Nbc3 d6 4.d4 cxd4 5.Nxd4 Nf6 6.Be2 e6 7.Be3 Be7 8.O-O O-O
9.Kh1 Bd7 10.f4 a6 11.a4 Qc7 12.Bf3 Rac8 13.Nb3 b6 14.g4 Nb4 15.g5 Ne8 16.Bg2 g6
17.f5 exf5 18.exf5 Bxf5 19.Rxf5 gxf5 20.Nd4 Ng7 21.Qf1 Qc4 22.Qf2 f6 23.Nxf5 Nxf5
24.Qxf5 fxg5 25.Qh3 Rf7 26.Rd1 g4 27.Qh5 Qe6 28.Nd5 Rxc2 29.Nxe7+ Qxe7 30.Bg5 Qe2
31.Rg1 Nd3 32.Bh4 Qxg2+  0-1

[Event "SVK-chT9596"]
[Site "?"]
[Date "1996.??.??"]
[Round "10"]
[White "Bednar, Jaromir"]
[Black "Chmelik, Lukas"]
[Result "1/2-1/2"]
[WhiteElo "2235"]
[BlackElo "2260"]

1.e4 c5 2.Nf3 Nc6 3.Nc3 g6 4.Bc4 Bg7 5.O-O d6 6.d3 Nf6 7.h3 O-O 8.a4 h6 9.Be3 Kh7
10.Qd2 e5 11.Nh2 Nd4 12.f4 Nh5 13.fxe5 dxe5 14.Rxf7 Rxf7 15.Bxf7 Qh4 16.Ne2 Bd7
17.c3 Rf8 18.Rf1 Nxe2+ 19.Qxe2 Bxh3 20.gxh3 Qg3+ 21.Kh1 Qxh3 22.Qf3 Ng3+
23.Kg1 Rxf7 24.Qxf7 Ne2+ 25.Kf2 Qxh2+ 26.Ke1 Nf4 27.Bxf4 exf4 28.Qxf4 Qxb2
29.Rf3 Qxc3+ 30.Kf1 Qa1+ 31.Kg2 Qxa4 32.Qd6 c4 33.Rg3 g5 34.Qd5 Qc2+ 35.Kh3 cxd3
36.Qf5+ Kh8 37.e5 Qc6 38.Rxd3 Qh1+ 39.Kg3 Qg1+ 40.Kh3 Qh1+ 41.Kg4 Qh4+ 42.Kf3 g4+  1/2-1/2

[Event "SVK-chT9596"]
[Site "?"]
[Date "1996.??.??"]
[Round "11"]
[White "Petrik, Karol"]
[Black "Mrva, Martin"]
[Result "0-1"]
[WhiteElo "2260"]
[BlackElo "2385"]

1.e4 c5 2.Nf3 Nc6 3.Nc3 g6 4.Bb5 Nd4 5.O-O Bg7 6.a4 e6 7.Re1 Ne7 8.d3 O-O
9.Bg5 h6 10.Bh4 g5 11.Bg3 d5 12.exd5 Nxd5 13.Nxd4 Nxc3 14.bxc3 cxd4 15.h4 dxc3
16.hxg5 Qxg5 17.Bd6 Rd8 18.Bc7 Rd4 19.Qf3 Rb4 20.Re4 Rxe4 21.dxe4 a6 22.Be8 Qe7
23.Qg3 e5 24.Bxf7+ Kxf7 25.Ba5 Be6 26.Bxc3 Qg5 27.Qf3+ Kg8 28.Rb1 Rf8 29.Qe2 Rc8
30.Qd3 Rd8 31.Qe2 Rd7 32.Rb6 Bf7 33.Rb1 Kh7 34.Be1 Bf8 35.Rd1 Rxd1 36.Qxd1 Bc5
37.Qd7 Kg7 38.Bc3 Qc1+ 39.Kh2 Qf4+  0-1

[Event "SWE-chT 9596"]
[Site "?"]
[Date "1996.??.??"]
[Round "?"]
[White "Furhoff, Johan"]
[Black "Ziegler, Ari"]
[Result "1/2-1/2"]
[WhiteElo "2305"]
[BlackElo "2440"]

1.e4 c5 2.Nc3 Nc6 3.Nf3 g6 4.d4 cxd4 5.Nxd4 Bg7 6.Be3 Nf6 7.Bc4 O-O 8.Bb3 d6
9.f3 Bd7 10.Qd2 Qb8 11.h4 b5 12.h5 Nxh5 13.Nd5 Re8 14.Nxc6 Bxc6 15.Rxh5 gxh5
16.Bh6 Bxh6 17.Qxh6 Bxd5 18.Bxd5 Kh8 19.Bxa8 Qxa8 20.Qxh5 Rg8 21.g4 Qe8 22.O-O-O f6
23.Qxe8 Rxe8 24.Rd5 Rb8 25.a4 bxa4 26.Ra5 Rb7 27.Rxa4 Kg7 28.Ra5 Kg6 29.c4 e5
30.Ra6 Rd7 31.Kd2 Kg5 32.b4 h5 33.gxh5 Kxh5 34.Ke3 Kg5 35.Rc6 f5 36.exf5 Kxf5
37.b5 d5 38.c5 e4 39.fxe4+ dxe4 40.Ra6 Rd3+ 41.Ke2 Rb3 42.c6 Ke6 43.Ra5 Kd6
44.Kd2 Rd3+ 45.Ke2 Rb3 46.Kd2  1/2-1/2

[Event "SWE-chT 9596"]
[Site "?"]
[Date "1996.??.??"]
[Round "?"]
[White "Wikner, Arvid"]
[Black "Thornert, Hakan"]
[Result "0-1"]
[WhiteElo "2295"]
[BlackElo "2215"]

1.e4 c5 2.Nc3 Nc6 3.Nf3 g6 4.d4 cxd4 5.Nxd4 Bg7 6.Be3 d6 7.Qd2 Nf6 8.f3 O-O
9.Bc4 Bd7 10.O-O-O Qa5 11.h4 Rfc8 12.Bb3 Ne5 13.h5 Nxh5 14.Bh6 Bxh6 15.Qxh6 Rxc3
16.bxc3 Nf6 17.Ne2 Bb5 18.Nf4 Nc4 19.Rd3 Qa3+ 20.Kd1 Nb2+ 21.Kd2 Nc4+ 22.Kd1 Nb2+
23.Kd2 Nc4+ 24.Ke1 e6 25.Nh5 Nxh5 26.Rxh5 gxh5 27.Qg5+ Kh8 28.Qxb5 Ne5 29.Rd1 Rc8
30.f4 Ng6 31.f5 exf5 32.exf5 Ne5 33.Qxb7 Qc5 34.Qe7 Qe3+ 35.Kf1 Qf4+ 36.Kg1 Ng4  0-1

[Event "Tallinn"]
[Site "Tallinn"]
[Date "1996.??.??"]
[Round "4"]
[White "Berzinsh, Ivars"]
[Black "Maidla, Vallo"]
[Result "1-0"]
[WhiteElo "2240"]
[BlackElo "2370"]

1.e4 c5 2.Nc3 Nc6 3.Nge2 g6 4.d4 cxd4 5.Nxd4 Bg7 6.Be3 Nf6 7.Bc4 O-O 8.Bb3 a5
9.f3 d5 10.Bxd5 Nxd5 11.Nxd5 f5 12.c3 fxe4 13.fxe4 e6 14.Nf4 Nxd4 15.cxd4 Bxd4
16.Bxd4 Rxf4 17.Be3 Rf8 18.Qxd8 Rxd8 19.Bg5 Rd4 20.O-O e5 21.Bh6 Bd7 22.Rae1 Bc6
23.Rf2 Bxe4 24.h3 Bc6 25.Rxe5 Rd5 26.Re7 Rh5 27.Bg7 Re8 28.Rc7 Rf5 29.Rxf5 gxf5
30.Kf2 Re6 31.Bc3 Rg6 32.g3 a4 33.a3 h6 34.Re7 Rd6 35.Ke3 Rd7 36.Re6 Kh7
37.Kf4 Rf7 38.h4 Bb5 39.Ke5 Be2 40.Bd2 h5 41.Kf4 Bc4 42.Re5 Bd3 43.Bc3 Rg7
44.Re8 Rg4+ 45.Kf3 b5 46.Rd8 Be4+ 47.Kf2 f4 48.Rh8+ Kg6 49.Rg8+ Kf5 50.Rf8+ Kg6
51.Rg8+ Kf5 52.Rf8+ Kg6 53.gxf4 Rxh4 54.Ke3 Bd5 55.f5+ Kh6 56.Bf6 Re4+ 57.Kd3  1-0

[Event "Tampere op"]
[Site "Tampere"]
[Date "1996.??.??"]
[Round "?"]
[White "Hermlin, Aarne"]
[Black "Saastamoinen, Aarne"]
[Result "1-0"]
[WhiteElo "2295"]
[BlackElo "2155"]

1.Nc3 c5 2.e4 Nc6 3.Nge2 g6 4.d4 cxd4 5.Nxd4 Bg7 6.Be3 d6 7.Bc4 Bd7 8.Qd2 Ne5
9.Be2 Ng4 10.Bxg4 Bxg4 11.h3 Bd7 12.Nd5 Nf6 13.Nxf6+ Bxf6 14.Bh6 Qb6 15.c3 Bxd4
16.cxd4 f6 17.O-O Rc8 18.e5 Kf7 19.Rfe1 d5 20.Re3 f5 21.Rae1 Rc6 22.Rb3 Qc7
23.e6+ Bxe6 24.Bf4 Qc8 25.Be5 Rg8 26.Qh6 Ke8 27.Qxh7 Bf7 28.Rbe3 Rc1 29.Rxc1 Qxc1+
30.Kh2 Qxb2 31.Bd6  1-0

[Event "Terrassa op"]
[Site "Terrassa"]
[Date "1996.??.??"]
[Round "1"]
[White "Anglada, Jose Andres"]
[Black "Garcia Ilundain, David"]
[Result "0-1"]
[WhiteElo "2215"]
[BlackElo "2520"]

1.e4 c5 2.Nc3 Nc6 3.Nf3 Nf6 4.e5 Ng4 5.Qe2 Qc7 6.Nd5 Qb8 7.d4 cxd4 8.Bf4 e6
9.h3 exd5 10.hxg4 Bb4+ 11.Bd2 Bxd2+ 12.Qxd2 d6 13.Qg5 Kf8 14.Nxd4 Bd7 15.O-O-O dxe5
16.Nf5 Bxf5 17.Qxf5 h6 18.Qd7 Ne7 19.g5 Qc8 20.Qd6 Qe6 21.Qa3 Kg8 22.gxh6 Rxh6
23.Be2 Rc8 24.Rxh6 Qxh6+ 25.Kb1 Qc6 26.c4 dxc4 27.Bf3 Qg6+ 28.Ka1 e4 29.Qxe7 exf3
30.Rd8+ Rxd8 31.Qxd8+ Kh7 32.Qh4+ Qh6 33.Qxh6+ Kxh6  0-1